Normal view
MARC view
- Islamic religious education
Entry Topical Term
001 - CONTROL NUMBER
- control field: 17085
003 - CONTROL NUMBER IDENTIFIER
- control field: NUST
005 - DATE AND TIME OF LATEST TRANSACTION
- control field: 20190709042239.0
008 - FIXED-LENGTH DATA ELEMENTS
- fixed length control field: 190709|| aca||aabn | a|a d
040 ## - CATALOGING SOURCE
- Original cataloging agency: NUST
- Transcribing agency: NUST
150 ## - HEADING--TOPICAL TERM
- Topical term or geographic name entry element: Islamic religious education
- Geographic subdivision: A fghanistan.
670 ## - SOURCE DATA FOUND
- Source citation: Work cat.: (NUST)0: The role of madrasas :
